Komunálne financovanie.
Vznik novej banky na Slovensku pod názvom Prvá komunálna banka, a.s., v Žiline. Je konštituovaná ako špecializovaná banka na financovanie mestských a obecných samospráv. Význam banky z hľadiska doplnenia bankovej infraštruktúry a z poskytovania služieb zameraných najmä na rozvoj verejného sektoru. S...
Enregistré dans:
| Auteur principal: | |
|---|---|
| Format: | Chapitre de livre |
| Langue: | slovaque |
| Sujets: | |
| Tags: |
Pas de tags, Soyez le premier à ajouter un tag!
|
MARC
| LEADER | 00000naa a2200000 4500 | ||
|---|---|---|---|
| 001 | r012547 | ||
| 005 | 20220826091850.3 | ||
| 041 | 0 | |a slo | |
| 044 | |a SK | ||
| 245 | 1 | 0 | |a Komunálne financovanie. |c Jozef Mihalik |
| 520 | |a Vznik novej banky na Slovensku pod názvom Prvá komunálna banka, a.s., v Žiline. Je konštituovaná ako špecializovaná banka na financovanie mestských a obecných samospráv. Význam banky z hľadiska doplnenia bankovej infraštruktúry a z poskytovania služieb zameraných najmä na rozvoj verejného sektoru. Strategické zámery banky. Špecializácia banky a jej perspektívy. | ||
| 610 | 2 | 0 | |a Prvá komunálna banka, a.s. Žilina |
| 610 | 2 | 0 | |a správa miestna |
| 610 | 2 | 0 | |a správa verejná |
| 610 | 2 | 0 | |a financovanie |
| 610 | 2 | 0 | |a služby finančné |
| 610 | 2 | 0 | |a sektor verejný |
| 100 | 1 | |a Mihalik, Jozef | |